Civilising globalisation : (Record no. 5227)

MARC details
000 -LEADER
fixed length control field 03350cam a2200637Ka 4500
001 - CONTROL NUMBER
control field ocn817914280
003 - CONTROL NUMBER IDENTIFIER
control field OCoLC
005 - DATE AND TIME OF LATEST TRANSACTION
control field 20191203121314.0
006 - FIXED-LENGTH DATA ELEMENTS--ADDITIONAL MATERIAL CHARACTERISTICS--GENERAL INFORMATION
fixed length control field m o d
007 - PHYSICAL DESCRIPTION FIXED FIELD--GENERAL INFORMATION
fixed length control field cr cnu---unuuu
008 - FIXED-LENGTH DATA ELEMENTS--GENERAL INFORMATION
fixed length control field 121114s2009 enka ob 001 0 eng d
016 7# - NATIONAL BIBLIOGRAPHIC AGENCY CONTROL NUMBER
Canceled or invalid record control number 015175083
Source Uk
020 ## - INTERNATIONAL STANDARD BOOK NUMBER
International Standard Book Number 9786612395338
020 ## - INTERNATIONAL STANDARD BOOK NUMBER
International Standard Book Number 0511656262
020 ## - INTERNATIONAL STANDARD BOOK NUMBER
Cancelled/invalid ISBN 9780521887816
035 ## - SYSTEM CONTROL NUMBER
System control number (OCoLC)817914280
Canceled/invalid control number (OCoLC)1043069993
037 ## - SOURCE OF ACQUISITION
Stock number 239533
Source of stock number/acquisition MIL
040 ## - CATALOGING SOURCE
Original cataloging agency CAMBR
Language of cataloging eng
Description conventions pn
Transcribing agency TZ-ArACH
049 ## - LOCAL HOLDINGS (OCLC)
Holding library TZAA
050 #4 - LIBRARY OF CONGRESS CALL NUMBER
Classification number JC571
Item number .K53
082 04 - DEWEY DECIMAL CLASSIFICATION NUMBER
Classification number 323
Edition number 22
100 1# - MAIN ENTRY--PERSONAL NAME
Personal name Kinley, David
Titles and other words associated with a name (Lecturer in law)
245 10 - TITLE STATEMENT
Title Civilising globalisation :
Remainder of title human rights and the global economy /
Statement of responsibility, etc David Kinley.
246 3# - VARYING FORM OF TITLE
Title proper/short title Civilizing globalization
246 30 - VARYING FORM OF TITLE
Title proper/short title Human rights and the global economy
260 ## - PUBLICATION, DISTRIBUTION, ETC. (IMPRINT)
Place of publication, distribution, etc Cambridge [U.K.] ;
-- New York, N.Y. :
Name of publisher, distributor, etc Cambridge University Press,
Date of publication, distribution, etc 2009.
300 ## - PHYSICAL DESCRIPTION
Extent xiv, 256 pages ;
Other physical details illustrations
504 ## - BIBLIOGRAPHY, ETC. NOTE
Bibliography, etc Includes bibliographical references and index.
505 0# - FORMATTED CONTENTS NOTE
Formatted contents note Economic globalisation and universal human rights -- Trade and human rights -- Aid and human rights -- Commerce and human rights -- Civilising globalisation ahead.
520 ## - SUMMARY, ETC.
Summary, etc David Kinley provides arguments for why the wealth created by economic globalization must serve the broad goals of social welfare and human rights and gives an agenda for how we can protect and promote human rights without sacrificing global economic growth.
650 #0 - SUBJECT ADDED ENTRY--TOPICAL TERM
Topical term or geographic name as entry element Human rights.
650 #0 - SUBJECT ADDED ENTRY--TOPICAL TERM
Topical term or geographic name as entry element Human rights
General subdivision Economic aspects.
650 #0 - SUBJECT ADDED ENTRY--TOPICAL TERM
Topical term or geographic name as entry element International economic relations
General subdivision Social aspects.
650 #0 - SUBJECT ADDED ENTRY--TOPICAL TERM
Topical term or geographic name as entry element International trade
General subdivision Social aspects.
650 #0 - SUBJECT ADDED ENTRY--TOPICAL TERM
Topical term or geographic name as entry element Globalization
General subdivision Economic aspects.
650 #0 - SUBJECT ADDED ENTRY--TOPICAL TERM
Topical term or geographic name as entry element Globalization
General subdivision Social aspects.
650 #7 - SUBJECT ADDED ENTRY--TOPICAL TERM
Topical term or geographic name as entry element Political Science
General subdivision Political Freedom & Security
-- Civil Rights.
Source of heading or term bisacsh
9 (RLIN) 2435
650 #7 - SUBJECT ADDED ENTRY--TOPICAL TERM
Topical term or geographic name as entry element Political Science
General subdivision Political Freedom & Security
-- Human Rights.
Source of heading or term bisacsh
650 #7 - SUBJECT ADDED ENTRY--TOPICAL TERM
Topical term or geographic name as entry element Globalization
General subdivision Economic aspects.
Source of heading or term fast
650 #7 - SUBJECT ADDED ENTRY--TOPICAL TERM
Topical term or geographic name as entry element Globalization
General subdivision Social aspects.
Source of heading or term fast
650 #7 - SUBJECT ADDED ENTRY--TOPICAL TERM
Topical term or geographic name as entry element Human rights.
Source of heading or term fast
650 #7 - SUBJECT ADDED ENTRY--TOPICAL TERM
Topical term or geographic name as entry element Human rights
General subdivision Economic aspects.
Source of heading or term fast
650 #7 - SUBJECT ADDED ENTRY--TOPICAL TERM
Topical term or geographic name as entry element International economic relations
General subdivision Social aspects.
Source of heading or term fast
650 #7 - SUBJECT ADDED ENTRY--TOPICAL TERM
Topical term or geographic name as entry element International trade
General subdivision Social aspects.
Source of heading or term fast
653 ## - INDEX TERM--UNCONTROLLED
Uncontrolled term Donation by Raoul Wallenberg Institute, Nov 2019
776 08 - ADDITIONAL PHYSICAL FORM ENTRY
Display text Print version:
Main entry heading Kinley, David, lecturer in law.
Title Civilising globalisation.
Place, publisher, and date of publication Cambridge [U.K.] ; New York, N.Y. : Cambridge University Press, 2009
International Standard Book Number 9780521887816
Record control number (DLC) 2009015014
-- (OCoLC)311769252
856 40 - ELECTRONIC LOCATION AND ACCESS
Materials specified Cambridge Books Online
Uniform Resource Identifier <a href="https://doi.org/10.1017/CBO9780511803710">https://doi.org/10.1017/CBO9780511803710</a>
856 40 - ELECTRONIC LOCATION AND ACCESS
Materials specified ebrary
Uniform Resource Identifier <a href="http://site.ebrary.com/id/10360058">http://site.ebrary.com/id/10360058</a>
856 40 - ELECTRONIC LOCATION AND ACCESS
Materials specified EBSCOhost
Uniform Resource Identifier <a href="https://search.ebscohost.com/login.aspx?direct=true&scope=site&db=nlebk&db=nlabk&AN=304413">https://search.ebscohost.com/login.aspx?direct=true&scope=site&db=nlebk&db=nlabk&AN=304413</a>
856 40 - ELECTRONIC LOCATION AND ACCESS
Materials specified MyiLibrary
Uniform Resource Identifier <a href="http://www.myilibrary.com?id=239533">http://www.myilibrary.com?id=239533</a>
856 40 - ELECTRONIC LOCATION AND ACCESS
Materials specified MyiLibrary
Uniform Resource Identifier <a href="http://0-lib.myilibrary.com.emu.londonmet.ac.uk?id=239533">http://0-lib.myilibrary.com.emu.londonmet.ac.uk?id=239533</a>
856 40 - ELECTRONIC LOCATION AND ACCESS
Materials specified ProQuest Ebook Central
Uniform Resource Identifier <a href="http://public.ebookcentral.proquest.com/choice/publicfullrecord.aspx?p=472011">http://public.ebookcentral.proquest.com/choice/publicfullrecord.aspx?p=472011</a>
856 40 - ELECTRONIC LOCATION AND ACCESS
Uniform Resource Identifier <a href="https://0-www.cambridge.org.catalogue.libraries.london.ac.uk/core/product/identifier/9780511803710/type/BOOK">https://0-www.cambridge.org.catalogue.libraries.london.ac.uk/core/product/identifier/9780511803710/type/BOOK</a>
Public note Access onsite at IALS {u2013} Cambridge Core Books Online
856 41 - ELECTRONIC LOCATION AND ACCESS
Materials specified MyiLibrary, Table of contents
Uniform Resource Identifier <a href="http://www.myilibrary.com?id=239533&ref=toc">http://www.myilibrary.com?id=239533&ref=toc</a>
942 ## - ADDED ENTRY ELEMENTS (KOHA)
Source of classification or shelving scheme Library of Congress Classification
Koha item type Books
Holdings
Home library Current library Date acquired Full call number Barcode Koha item type Public note
African Court on Human and Peoples' Rights Library African Court on Human and Peoples' Rights Library 03/12/2019 JC571 .K53 10210326 Books Donation by the Raoul Wallenberg Institute, November 2019

African Court on Human and Peoples' Rights | For Inquiries Contact » +255 272 510 510